[Event "FRA-chT"]
[Site "FRA"]
[Date "1998.04.05"]
[Round "7"]
[White "Kelly, Bryan"]
[Black "Belkhodja, Slim"]
[Result "1/2-1/2"]
[WhiteElo "2390"]
[BlackElo "2405"]
[PlyCount "92"]
[EventDate "1998.02.06"]
[Source "ChesBase"]
[SourceDate "1998.07.07"]

1. d4 d6 2. c4 e5 3. Nf3 e4 4. Ng5 Nf6 5. Nc3 Bf5 6. Qc2 h6 7. Ngxe4 Nxe4 8.
Nxe4 Qh4 9. Nxd6+ Bxd6 10. Qxf5 Bb4+ 11. Kd1 Qxd4+ 12. Qd3 Qxf2 13. Qe4+ Be7
14. Be3 Qf6 15. Bd4 Qa6 16. Bxg7 Rg8 17. Be5 Rg6 18. e3 Nd7 19. Bxc7 Nc5 20.
Qc2 Ne6 21. Be5 O-O-O+ 22. Ke1 Bb4+ 23. Bc3 Bxc3+ 24. Qxc3 Nc5 25. g3 Qe6 26.
Be2 Ne4 27. Qa3 Qe5 28. Rd1 Rxd1+ 29. Bxd1 Kc7 30. Rf1 f5 31. c5 Rxg3 32. c6
Qd5 33. Qe7+ Kxc6 34. Ba4+ b5 35. Bxb5+ Kb6 36. Qb4 a5 37. Qd4+ Qxd4 38. exd4
Rg2 39. Rxf5 Rxb2 40. Bd3 Nd6 41. Rf6 Kc7 42. Rxh6 Rxa2 43. Rh5 a4 44. Rc5+ Kb6
45. Rc2 Rxc2 46. Bxc2 a3 1/2-1/2

[Event "FRA-chT"]
[Site "FRA"]
[Date "1998.04.05"]
[Round "7"]
[White "Koglin, Anke"]
[Black "Laclau, Daniel"]
[Result "0-1"]
[WhiteElo "2205"]
[BlackElo "2290"]
[PlyCount "88"]
[EventDate "1998.02.06"]
[Source "ChesBase"]
[SourceDate "1998.07.07"]

1. e4 c5 2. Nf3 e6 3. d4 cxd4 4. Nxd4 a6 5. Bd3 Qc7 6. O-O Nf6 7. Qe2 d6 8. c4
Nbd7 9. Nc3 g6 10. Be3 Bg7 11. Rac1 O-O 12. f4 b6 13. Kh1 Bb7 14. Bg1 Rac8 15.
b3 Rfe8 16. Nf3 Nh5 17. Ng5 b5 18. Qg4 Nc5 19. Bb1 b4 20. Na4 Nxa4 21. bxa4 Nf6
22. Qe2 Nd7 23. Qg4 h6 24. Nf3 Nf6 25. Qh4 Nxe4 26. Be3 Qe7 27. Qe1 Nc3 28. Bd3
Nxa2 29. Rb1 a5 30. Bb6 Nc3 31. Rb3 Ra8 32. Qe3 Nxa4 33. Rbb1 Nc5 34. Bxc5 dxc5
35. Ne5 a4 36. Qg3 Red8 37. Rbe1 a3 38. h4 Bxe5 39. Rxe5 Rxd3 40. Qxd3 Qxh4+
41. Kg1 Qg4 42. Qd2 b3 43. Ree1 b2 44. Qc2 Bxg2 0-1

[Event "FRA-chT"]
[Site "FRA"]
[Date "1998.04.05"]
[Round "7"]
[White "Lepelletier, Benoit"]
[Black "Giffard, Nicolas"]
[Result "1-0"]
[WhiteElo "2455"]
[BlackElo "2395"]
[PlyCount "91"]
[EventDate "1998.02.06"]
[Source "ChesBase"]
[SourceDate "1998.07.07"]

1. e4 c6 2. d4 d5 3. Nd2 dxe4 4. Nxe4 Bf5 5. Ng3 Bg6 6. Nf3 Nd7 7. Bd3 Bxd3 8.
Qxd3 Ngf6 9. O-O e6 10. c4 Be7 11. b3 O-O 12. Bb2 Re8 13. Rad1 Qa5 14. a3 Rad8
15. Qc2 b5 16. Ne5 Nxe5 17. dxe5 Nd7 18. b4 Qa4 19. Qxa4 bxa4 20. c5 Nb8 21.
Ne4 Na6 22. Nc3 Nc7 23. Nxa4 Nb5 24. g3 Rxd1 25. Rxd1 Rd8 26. Rxd8+ Bxd8 27.
Kf1 Kf8 28. Ke2 Ke8 29. Kd3 Kd7 30. Kc4 Bc7 31. f4 Bd8 32. Kb3 g5 33. Bc3 g4
34. Nb2 Nxc3 35. Kxc3 f5 36. Nc4 h5 37. Ne3 h4 38. Nc2 h3 39. Nd4 a6 40. Kc4
Be7 41. a4 Bd8 42. b5 axb5+ 43. axb5 cxb5+ 44. Kxb5 Kc8 45. Kc6 Be7 46. Nb5 1-0

[Event "FRA-chT"]
[Site "FRA"]
[Date "1998.04.05"]
[Round "7"]
[White "Magem Badals, Jorge"]
[Black "Legky, Nikolay A"]
[Result "1-0"]
[WhiteElo "2535"]
[BlackElo "2480"]
[PlyCount "89"]
[EventDate "1998.02.06"]
[Source "ChesBase"]
[SourceDate "1998.07.07"]

1. e4 e6 2. d4 d5 3. Nc3 Nf6 4. Bg5 Bb4 5. exd5 Qxd5 6. Bxf6 Bxc3+ 7. bxc3 gxf6
8. Qd2 Qa5 9. Ne2 b6 10. Nc1 Bb7 11. Nb3 Qd5 12. f3 Nd7 13. Bd3 Qh5 14. O-O f5
15. a4 Rg8 16. Qf4 Qg5 17. Qxg5 Rxg5 18. a5 Ke7 19. axb6 cxb6 20. Rf2 Rgg8 21.
c4 a5 22. c3 h5 23. Kf1 h4 24. h3 Ba6 25. Rb2 Rac8 26. Nd2 Rg3 27. Kf2 Rcg8 28.
Bf1 Kf6 29. Rab1 Rc8 30. c5 Bxf1 31. Nxf1 Rgg8 32. cxb6 Rxc3 33. b7 Rb8 34. Ne3
Rc6 35. Rb5 a4 36. R1b4 Ra6 37. Nc4 a3 38. Ra5 Rxa5 39. Nxa5 a2 40. Ra4 e5 41.
dxe5+ Nxe5 42. Rxa2 f4 43. Rc2 Ke6 44. Rc8 Nd7 45. Nc6 1-0

[Event "FRA-chT"]
[Site "FRA"]
[Date "1998.04.05"]
[Round "7"]
[White "Marchand, Francois"]
[Black "Poulton, James"]
[Result "1/2-1/2"]
[WhiteElo "2305"]
[BlackElo "2365"]
[PlyCount "81"]
[EventDate "1998.02.06"]
[Source "ChesBase"]
[SourceDate "1998.07.07"]

1. d4 Nf6 2. c4 c5 3. d5 b5 4. cxb5 a6 5. bxa6 g6 6. Nc3 Bxa6 7. e4 Bxf1 8.
Kxf1 d6 9. Nf3 Nbd7 10. h3 Bg7 11. Kg1 O-O 12. Kh2 Qb6 13. Re1 Ne8 14. Re2 Nc7
15. Bg5 Rfe8 16. Rc1 Nb5 17. Nxb5 Qxb5 18. b3 Ra7 19. Rcc2 Nb8 20. Bf4 Na6 21.
e5 Nb4 22. Rcd2 Rd8 23. a4 Qa6 24. exd6 exd6 25. Qe1 Raa8 26. Bg5 Rf8 27. Re7
h6 28. Bf4 Nd3 29. Qe4 Nxf4 30. Qxf4 Rab8 31. Rd7 Rb6 32. Rd1 Qc8 33. Ra7 Qb8
34. Rd7 Rxb3 35. Re1 Rb4 36. Qxd6 Qxd6+ 37. Rxd6 Rxa4 38. Rc6 c4 39. d6 Rd8 40.
Rd1 c3 41. Kg1 1/2-1/2

[Event "FRA-chT"]
[Site "FRA"]
[Date "1998.04.05"]
[Round "7"]
[White "Marciano, David"]
[Black "Prie, Eric"]
[Result "1/2-1/2"]
[WhiteElo "2485"]
[BlackElo "2470"]
[PlyCount "63"]
[EventDate "1998.02.06"]
[Source "ChesBase"]
[SourceDate "1998.07.07"]

1. e4 c5 2. Nf3 Nc6 3. d4 cxd4 4. Nxd4 g6 5. c4 Bg7 6. Be3 Nf6 7. Nc3 O-O 8.
Be2 d6 9. Qd2 a6 10. O-O Nxd4 11. Bxd4 Be6 12. Rad1 Rc8 13. b3 Nd7 14. Be3 Nc5
15. f3 b5 16. Nd5 bxc4 17. Bxc4 a5 18. Rc1 Bxd5 19. Qxd5 Qb6 20. Rfd1 Bh6 21.
Qd4 Bxe3+ 22. Qxe3 Rc7 23. h4 Rfc8 24. Rd5 a4 25. e5 axb3 26. axb3 Nd7 27. Qxb6
Nxb6 28. exd6 exd6 29. Rxd6 Nxc4 30. bxc4 Rxc4 31. Rd8+ Rxd8 32. Rxc4 1/2-1/2

[Event "FRA-chT"]
[Site "FRA"]
[Date "1998.04.05"]
[Round "7"]
[White "Marzolo, Cyril"]
[Black "Anic, Darko"]
[Result "0-1"]
[WhiteElo "2355"]
[BlackElo "2455"]
[PlyCount "80"]
[EventDate "1998.02.06"]
[Source "ChesBase"]
[SourceDate "1998.07.07"]

1. d4 c6 2. c4 f5 3. g3 Nf6 4. Bg2 g6 5. Nh3 Bg7 6. Nf4 d6 7. d5 O-O 8. h4 e5
9. dxe6 Na6 10. h5 gxh5 11. e4 fxe4 12. Nxh5 Bxe6 13. Nxg7 Bg4 14. Qd2 Rf7 15.
O-O Rxg7 16. b4 Qe7 17. Bb2 Rf8 18. Qc3 d5 19. cxd5 cxd5 20. a3 Nc7 21. Nd2 Nb5
22. Qe3 a6 23. Rac1 Be6 24. Qb6 Qd6 25. Qxd6 Nxd6 26. Be5 Rd7 27. Nb3 Nc4 28.
Bxf6 Rxf6 29. Nc5 Re7 30. Rfd1 Bf7 31. a4 a5 32. bxa5 Nxa5 33. Rb1 b6 34. Nb3
Nc4 35. Rbc1 Ra7 36. Ra1 Nb2 37. Rd4 Rc7 38. a5 bxa5 39. Rxa5 Rc3 40. Rb5 Nd3
0-1

[Event "FRA-chT"]
[Site "FRA"]
[Date "1998.04.05"]
[Round "7"]
[White "Mora, Virginie"]
[Black "Guadalpi, David"]
[Result "1-0"]
[WhiteElo "2130"]
[BlackElo "2260"]
[PlyCount "47"]
[EventDate "1998.02.06"]
[Source "ChesBase"]
[SourceDate "1998.07.07"]

1. e4 c5 2. Nf3 Nc6 3. d4 cxd4 4. Nxd4 e5 5. Nb5 d6 6. c3 Be6 7. Bd3 Be7 8. O-O
a6 9. N5a3 b5 10. Nc2 Nf6 11. Nd2 O-O 12. Ne3 Rb8 13. Qe2 d5 14. exd5 Nxd5 15.
Nxd5 Bxd5 16. a4 Re8 17. axb5 axb5 18. Bxb5 Bxg2 19. Rd1 Rxb5 20. Qxb5 Qc8 21.
Qc4 Qh3 22. Re1 Bg5 23. Ne4 Bf3 24. Qxf7+ 1-0

[Event "FRA-chT"]
[Site "FRA"]
[Date "1998.04.05"]
[Round "7"]
[White "Mulder, Bart Piet"]
[Black "Simon, Gerard"]
[Result "1-0"]
[WhiteElo "2210"]
[BlackElo "2165"]
[PlyCount "85"]
[EventDate "1998.02.06"]
[Source "ChesBase"]
[SourceDate "1998.07.07"]

1. Nf3 g6 2. e4 c6 3. d3 d5 4. Nbd2 Bg7 5. g3 Nf6 6. Bg2 O-O 7. O-O Bg4 8. Re1
Na6 9. e5 Nd7 10. h3 Bxf3 11. Nxf3 e6 12. Bf4 c5 13. Qd2 Re8 14. Nh2 Nb4 15.
Ng4 Qe7 16. Bg5 Qf8 17. Nf6+ Nxf6 18. exf6 Bh8 19. c3 Nc6 20. h4 Qd6 21. a3 e5
22. b4 cxb4 23. axb4 b6 24. Qa2 Rad8 25. b5 Na5 26. h5 Re6 27. Bh3 Ree8 28.
hxg6 hxg6 29. Bg2 Re6 30. c4 dxc4 31. dxc4 Bxf6 32. Bxf6 Rxf6 33. Bd5 Kg7 34.
Kg2 Re8 35. Rh1 e4 36. Rae1 Qc5 37. Qb2 Nxc4 38. Rh7+ Kxh7 39. Qxf6 Re5 40.
Rh1+ Rh5 41. Rxh5+ gxh5 42. Qxf7+ Kh6 43. Bxc4 1-0

[Event "FRA-chT"]
[Site "FRA"]
[Date "1998.04.05"]
[Round "7"]
[White "Neuillet, Alexandre"]
[Black "Giacomini, Hector"]
[Result "1-0"]
[WhiteElo "2245"]
[BlackElo "2305"]
[PlyCount "97"]
[EventDate "1998.02.06"]
[Source "ChesBase"]
[SourceDate "1998.07.07"]

1. d4 d5 2. Nf3 e6 3. c4 Nd7 4. Nc3 Ngf6 5. Bg5 Be7 6. e3 O-O 7. Qc2 a6 8. cxd5
exd5 9. Bd3 c6 10. O-O Re8 11. Rab1 Nf8 12. b4 Ng6 13. Nd2 Bd6 14. Bf5 h6 15.
Bxc8 Rxc8 16. Bxf6 Qxf6 17. a4 Nh4 18. g3 Qe6 19. Kh1 Qh3 20. Rg1 h5 21. e4
dxe4 22. Ncxe4 Nf5 23. f4 Qg4 24. Qd3 Rcd8 25. Ng5 g6 26. Rbe1 Rxe1 27. Rxe1 h4
28. Nde4 Kg7 29. Nf2 Nxg3+ 30. hxg3 Qxg3 31. Qxg3 hxg3 32. Nd3 Rh8+ 33. Kg2
Rh2+ 34. Kxg3 Ra2 35. Ne4 Ra3 36. Nxd6 Rxd3+ 37. Kg4 Rxd4 38. Nxb7 Rxb4 39. Nc5
Rc4 40. Re5 f6 41. Ne6+ Kh6 42. Ra5 g5 43. Kf5 gxf4 44. Nxf4 Kg7 45. Rxa6 Rc5+
46. Kg4 Rc4 47. Ra7+ Kh6 48. Kf5 Rb4 49. Ne6 1-0

[Event "FRA-chT"]
[Site "FRA"]
[Date "1998.04.05"]
[Round "7"]
[White "Piquemal, Christianne"]
[Black "Cruz Lopez Claret, Carlos"]
[Result "0-1"]
[WhiteElo "2060"]
[BlackElo "2240"]
[PlyCount "130"]
[EventDate "1998.02.06"]
[Source "ChesBase"]
[SourceDate "1998.07.07"]

1. e4 e5 2. Nc3 Nc6 3. Bc4 Nf6 4. d3 Bc5 5. f4 d6 6. Nf3 Bg4 7. f5 Nh5 8. Bb5
a6 9. Bxc6+ bxc6 10. Qe2 Rb8 11. Na4 Ba7 12. Be3 Nf4 13. Bxf4 exf4 14. g3 Rb4
15. b3 Qf6 16. Rd1 O-O 17. h3 Qh6 18. Qg2 Bxf3 19. Qxf3 fxg3 20. Qxg3 d5 21. c3
Rbb8 22. d4 dxe4 23. Ke2 Rb5 24. Rdf1 Rd5 25. Qf4 Qf6 26. Rhg1 c5 27. dxc5 Bxc5
28. Nxc5 Rxc5 29. c4 Ra5 30. a4 Qb2+ 31. Qd2 Qxd2+ 32. Kxd2 Rd8+ 33. Ke3 Re5
34. Kf4 f6 35. Rd1 Rxd1 36. Rxd1 e3 37. Re1 e2 38. b4 Kf7 39. a5 h6 40. b5 axb5
41. cxb5 Rxb5 42. Rxe2 Rxa5 43. Rc2 c5 44. Rc3 Ke7 45. Rd3 Ra4+ 46. Ke3 Rh4 47.
Ke2 c4 48. Rg3 Kd6 49. Kd2 Ke5 50. Kc3 Kd5 51. Re3 Rf4 52. Rg3 Rxf5 53. Rxg7
Rf3+ 54. Kc2 Rxh3 55. Rd7+ Ke5 56. Re7+ Kf4 57. Rc7 c3 58. Re7 f5 59. Re8 h5
60. Rh8 h4 61. Rh7 Kg5 62. Rg7+ Kh6 63. Rg8 Rg3 64. Rf8 Kg5 65. Rh8 h3 0-1

[Event "FRA-chT"]
[Site "FRA"]
[Date "1998.04.05"]
[Round "7"]
[White "Pira, Davoud"]
[Black "Mancini, Mario"]
[Result "1-0"]
[WhiteElo "2340"]
[BlackElo "2320"]
[PlyCount "61"]
[EventDate "1998.02.06"]
[Source "ChesBase"]
[SourceDate "1998.07.07"]

1. d4 Nf6 2. Nf3 e6 3. Bg5 c5 4. e3 Nc6 5. Nbd2 Be7 6. c3 d6 7. dxc5 dxc5 8.
Qa4 Bd7 9. Qf4 Nd5 10. Bxe7 Qxe7 11. Qg3 O-O 12. e4 Nf6 13. e5 Ne8 14. Bd3 f5
15. exf6 Nxf6 16. Qh4 Qd6 17. Bc2 Ne5 18. O-O-O Ng6 19. Bxg6 hxg6 20. Ne4 Qe7
21. Ne5 Be8 22. Ng5 Nh5 23. g4 Qf6 24. Rhe1 Qf4+ 25. Kb1 Qxf2 26. Qxf2 Rxf2 27.
gxh5 gxh5 28. Nxe6 Rxh2 29. Rg1 Re2 30. Rxg7+ Kh8 31. Rf1 1-0

[Event "FRA-chT"]
[Site "FRA"]
[Date "1998.04.05"]
[Round "7"]
[White "Renet, Olivier"]
[Black "Samara, Fred"]
[Result "1/2-1/2"]
[WhiteElo "2490"]
[BlackElo "2195"]
[PlyCount "82"]
[EventDate "1998.02.06"]
[Source "ChesBase"]
[SourceDate "1998.07.07"]

1. e4 c5 2. Nf3 d6 3. d4 cxd4 4. Nxd4 Nf6 5. Nc3 Nc6 6. Bc4 Qb6 7. Nxc6 bxc6 8.
O-O e6 9. Qe2 Be7 10. b3 O-O 11. Bb2 e5 12. Kh1 Be6 13. Bxe6 fxe6 14. f4 exf4
15. e5 dxe5 16. Qxe5 Qe3 17. Qc7 Bb4 18. Qxf4 Qxf4 19. Rxf4 Bxc3 20. Bxc3 Nd5
21. Rxf8+ Rxf8 22. Bd4 a6 23. g3 Kf7 24. Rd1 Rd8 25. Be5 Rd7 26. Rd4 c5 27. Rd3
Nf6 28. Kg2 Rxd3 29. cxd3 Nd7 30. Bd6 e5 31. b4 cxb4 32. Bxb4 Ke6 33. Kf3 Kd5
34. Ke3 g6 35. Be7 Ke6 36. Bd8 Kd5 37. Kd2 Kd4 38. Bg5 Kd5 39. Kc3 Nb8 40. Be3
Nc6 41. Bb6 Ne7 1/2-1/2

[Event "FRA-chT"]
[Site "FRA"]
[Date "1998.04.05"]
[Round "7"]
[White "Roos, Jean Luc"]
[Black "Parr, Erik"]
[Result "1-0"]
[WhiteElo "2315"]
[BlackElo "2285"]
[PlyCount "113"]
[EventDate "1998.02.06"]
[Source "ChesBase"]
[SourceDate "1998.07.07"]

1. e4 c5 2. Nc3 Nc6 3. g3 g6 4. Bg2 Bg7 5. d3 e6 6. Be3 d6 7. f4 Nge7 8. Nf3
Nd4 9. O-O O-O 10. Bf2 Nxf3+ 11. Bxf3 b6 12. Qd2 Bb7 13. Rae1 Qc7 14. g4 a6 15.
Bh4 f6 16. f5 g5 17. Bg3 e5 18. h4 h6 19. Qh2 Rfd8 20. Re2 Qd7 21. Nd5 Nxd5 22.
exd5 Qa4 23. b3 Qe8 24. Be4 Qf7 25. Qh1 b5 26. Bf2 a5 27. Be3 Kf8 28. hxg5 hxg5
29. Bxg5 Ke7 30. Be3 Rh8 31. Qf3 Bh6 32. Rg2 Rag8 33. c4 Bxe3+ 34. Qxe3 b4 35.
g5 Rxg5 36. Rxg5 fxg5 37. f6+ Ke8 38. Qg3 Bc8 39. Bf5 Qxf6 40. Bxc8 Rh1+ 41.
Kxh1 Qxf1+ 42. Kh2 Qe2+ 43. Qg2 Qxd3 44. Bh3 Qe3 45. Qg3 Qd2+ 46. Bg2 Ke7 47.
Qg4 Qf4+ 48. Kh3 Kf6 49. Bf3 e4 50. Qxf4+ gxf4 51. Bxe4 Ke5 52. Bg6 Kd4 53. Be8
Kd3 54. Kg2 Ke2 55. Bh5+ Kd2 56. Kf2 f3 57. Bg6 1-0

[Event "FRA-chT"]
[Site "FRA"]
[Date "1998.04.05"]
[Round "7"]
[White "Roser, Kevin"]
[Black "Touzane, Olivier"]
[Result "1/2-1/2"]
[WhiteElo "2255"]
[BlackElo "2350"]
[PlyCount "90"]
[EventDate "1998.02.06"]
[Source "ChesBase"]
[SourceDate "1998.07.07"]

1. e4 c5 2. Nf3 d6 3. d4 cxd4 4. Nxd4 Nf6 5. Nc3 a6 6. Be2 e6 7. O-O Be7 8. f4
Nc6 9. Be3 O-O 10. Qe1 Nxd4 11. Bxd4 b5 12. a3 Bb7 13. Qg3 g6 14. Bf3 Qc7 15.
Kh1 Rad8 16. e5 dxe5 17. Bxe5 Qc8 18. Rad1 Qa8 19. Bxb7 Qxb7 20. Rd3 Rxd3 21.
Qxd3 Rd8 22. Qe2 Qc6 23. Rd1 Rxd1+ 24. Qxd1 a5 25. Qd3 b4 26. Qb5 Qa8 27. Ne2
Ng4 28. Bd4 bxa3 29. bxa3 Bf6 30. h3 Bxd4 31. Nxd4 Ne3 32. Nc6 Nxc2 33. Qc5 Ne1
34. Qc3 Qa6 35. Ne7+ Kf8 36. Nxg6+ hxg6 37. Qxe1 Qb5 38. Qe3 a4 39. Kh2 Ke7 40.
Qa7+ Kf6 41. Qd4+ Ke7 42. Qa7+ Kf8 43. Qd4 Ke7 44. Qh8 Kd7 45. Qf6 Ke8 1/2-1/2

[Event "FRA-chT"]
[Site "FRA"]
[Date "1998.04.05"]
[Round "7"]
[White "Salaun, Yann"]
[Black "Gofshtein, Leonid D"]
[Result "0-1"]
[WhiteElo "2360"]
[BlackElo "2520"]
[PlyCount "47"]
[EventDate "1998.02.06"]
[Source "ChesBase"]
[SourceDate "1998.07.07"]

1. c4 e5 2. g3 d6 3. Nc3 f5 4. Bg2 Nf6 5. d4 Be7 6. dxe5 dxe5 7. Qxd8+ Bxd8 8.
b3 c6 9. Bb2 Na6 10. Nf3 e4 11. Nd4 Kf7 12. Nc2 Nc5 13. b4 Ne6 14. f3 exf3 15.
exf3 a5 16. a3 f4 17. O-O Bc7 18. Ne4 axb4 19. axb4 Rxa1 20. Bxa1 Rd8 21. Bh3
h6 22. Bxf6 gxf6 23. Bf5 Be5 24. b5 0-1

[Event "FRA-chT"]
[Site "FRA"]
[Date "1998.04.05"]
[Round "7"]
[White "Sokolov, Andrei"]
[Black "Palac, Mladen"]
[Result "1/2-1/2"]
[WhiteElo "2580"]
[BlackElo "2545"]
[PlyCount "34"]
[EventDate "1998.02.06"]
[Source "ChesBase"]
[SourceDate "1998.07.07"]

1. e4 c5 2. Nf3 d6 3. d4 cxd4 4. Nxd4 Nf6 5. Nc3 a6 6. f4 e5 7. Nf3 Nbd7 8. a4
Be7 9. Bd3 O-O 10. O-O exf4 11. Kh1 Nc5 12. Bxf4 Bg4 13. Be3 Rc8 14. Qd2 Re8
15. Bd4 Ne6 16. Be3 Nc5 17. Bd4 Ne6 1/2-1/2

[Event "FRA-chT"]
[Site "FRA"]
[Date "1998.04.05"]
[Round "7"]
[White "Summerscale, Aaron"]
[Black "Ikonnikov, Vyacheslav"]
[Result "1/2-1/2"]
[WhiteElo "2440"]
[BlackElo "2550"]
[PlyCount "75"]
[EventDate "1998.02.06"]
[Source "ChesBase"]
[SourceDate "1998.07.07"]

1. Nf3 Nf6 2. c4 b6 3. g3 Bb7 4. Bg2 e6 5. O-O Be7 6. d4 O-O 7. d5 Na6 8. Nd4
exd5 9. Nc3 c6 10. cxd5 Nxd5 11. Nxd5 cxd5 12. Nf5 Bf6 13. Bxd5 Bxd5 14. Qxd5
Nc7 15. Qb3 d5 16. Bf4 Qd7 17. Rac1 Ne6 18. Bd6 Rfd8 19. Ba3 g6 20. Ne3 Nd4 21.
Qd3 Qb5 22. Qxb5 Nxb5 23. Rc6 Bg7 24. Be7 Rd7 25. Bf6 Bxf6 26. Rxf6 Nd4 27. Re1
Ne6 28. Rd1 d4 29. Ng4 Kg7 30. Rf3 Rc8 31. Rfd3 Rc2 32. R3d2 Rxd2 33. Rxd2 Rc7
34. Ne5 Rc1+ 35. Kg2 a5 36. Nf3 b5 37. b3 Ra1 38. Nxd4 1/2-1/2

[Event "FRA-chT"]
[Site "FRA"]
[Date "1998.04.05"]
[Round "7"]
[White "Tagnon, Nicole"]
[Black "Gervais, Claire"]
[Result "1/2-1/2"]
[WhiteElo "2080"]
[BlackElo "2265"]
[PlyCount "48"]
[EventDate "1998.02.06"]
[Source "ChesBase"]
[SourceDate "1998.07.07"]

1. e4 e6 2. d4 d5 3. Nd2 Nf6 4. e5 Nfd7 5. f4 c5 6. c3 Nc6 7. Ndf3 Qa5 8. Kf2
b5 9. g3 b4 10. Ne2 bxc3 11. bxc3 Nb6 12. Nd2 Ba6 13. Nb3 Qa4 14. dxc5 Bxc5+
15. Ned4 Bxf1 16. Rxf1 Be7 17. Qe2 Nc4 18. Kg1 g6 19. g4 h5 20. f5 gxf5 21.
gxf5 O-O-O 22. Bf4 Rdg8+ 23. Kh1 Bg5 24. fxe6 fxe6 1/2-1/2

[Event "FRA-chT"]
[Site "FRA"]
[Date "1998.04.05"]
[Round "7"]
[White "Tirard, Hugo"]
[Black "Delebarre, Xavier"]
[Result "0-1"]
[WhiteElo "2380"]
[BlackElo "2270"]
[PlyCount "79"]
[EventDate "1998.02.06"]
[Source "ChesBase"]
[SourceDate "1998.07.07"]

1. e4 c5 2. Nf3 g6 3. d4 Bg7 4. dxc5 Qa5+ 5. c3 Qxc5 6. Be3 Qc7 7. Nbd2 Nf6 8.
Bc4 O-O 9. Qe2 Nc6 10. h3 d6 11. O-O Bd7 12. Bb3 Na5 13. Bc2 Rfc8 14. Bd3 b5
15. b4 Nc4 16. Bxc4 bxc4 17. a4 Nh5 18. Ra3 e5 19. Ne1 Be6 20. g4 Nf4 21. Bxf4
exf4 22. Nc2 d5 23. Nd4 Bxd4 24. cxd4 Qb7 25. b5 c3 26. Nb3 dxe4 27. Nc5 Qd5
28. Nxe4 Qxd4 29. Rc1 Bd5 30. Nxc3 Qb4 31. Rd1 Bb7 32. Nb1 Be4 33. Ra1 Re8 34.
Qd2 Rad8 35. Qxd8 Rxd8 36. Rxd8+ Kg7 37. Nd2 Qe7 38. Rc8 Bb7 39. Rc4 Qe2 40.
Rc2 0-1

[Event "FRA-chT"]
[Site "FRA"]
[Date "1998.04.05"]
[Round "7"]
[White "Toulzac, Pierre Yves"]
[Black "Szabolcsi, Janos"]
[Result "0-1"]
[WhiteElo "2265"]
[BlackElo "2390"]
[PlyCount "88"]
[EventDate "1998.02.06"]
[Source "ChesBase"]
[SourceDate "1998.07.07"]

1. d4 f5 2. Nc3 d5 3. Bg5 h6 4. Bf4 Nf6 5. e3 e6 6. a3 Bd6 7. Nf3 O-O 8. Ne5
Nbd7 9. Be2 a6 10. Na2 Ne4 11. f3 Bxe5 12. dxe5 Ng5 13. Bg3 c6 14. h4 Nf7 15.
f4 Qb6 16. Qc1 a5 17. a4 c5 18. Nc3 c4 19. Nb5 Nc5 20. Nc3 Bd7 21. O-O Rfc8 22.
Ra3 Rc6 23. Be1 g6 24. g4 fxg4 25. Bxg4 h5 26. Bh3 Kh7 27. Ne2 Rcc8 28. Nd4 Nh6
29. Rf2 Nf5 30. Rg2 Rg8 31. Bxf5 gxf5 32. Nf3 Rg4 33. Rxg4 hxg4 34. Nd4 Ne4 35.
Qb1 Rg8 36. b4 g3 37. c3 Rg4 38. Ra2 Rxh4 39. Rb2 axb4 40. Rxb4 Qd8 41. Rxb7
Rh1+ 42. Kxh1 Qh4+ 43. Kg2 Qh2+ 44. Kf3 Nd2+ 0-1

[Event "FRA-chT"]
[Site "FRA"]
[Date "1998.04.05"]
[Round "7"]
[White "Vallet, Marc"]
[Black "De Sousa, Jose"]
[Result "0-1"]
[WhiteElo "2220"]
[BlackElo "2230"]
[PlyCount "70"]
[EventDate "1998.02.06"]
[Source "ChesBase"]
[SourceDate "1998.07.07"]

1. e4 c5 2. Nf3 Nc6 3. d4 cxd4 4. Nxd4 Qc7 5. Nc3 e6 6. Be2 Nf6 7. O-O a6 8.
Be3 Be7 9. f4 d6 10. a4 O-O 11. Kh1 Re8 12. Qe1 Bd7 13. Qg3 Nxd4 14. Bxd4 Bc6
15. e5 dxe5 16. fxe5 Nd7 17. Rf4 Bc5 18. Bxc5 Nxc5 19. Rg4 g6 20. Re1 Rad8 21.
Qf4 Re7 22. Rh4 Red7 23. Bg4 f5 24. Bf3 Rd2 25. Ne2 Ne4 26. Qe3 Qxe5 27. Nf4 g5
28. Nd3 Nf2+ 29. Qxf2 Rxf2 30. Nxe5 gxh4 31. Nxc6 bxc6 32. h3 Kf7 33. Bxc6 Rxc2
34. Bb7 Rd6 35. b4 Rb6 0-1

[Event "FRA-chT"]
[Site "FRA"]
[Date "1998.04.05"]
[Round "7"]
[White "Van Wely, Loek"]
[Black "Verdier, Patrice"]
[Result "1-0"]
[WhiteElo "2605"]
[BlackElo "2315"]
[PlyCount "80"]
[EventDate "1998.02.06"]
[Source "ChesBase"]
[SourceDate "1998.07.07"]

1. d4 Nf6 2. c4 c5 3. d5 b5 4. cxb5 a6 5. bxa6 g6 6. Nc3 Bxa6 7. g3 d6 8. Bg2
Bg7 9. Nf3 O-O 10. O-O Nbd7 11. Qc2 Nb6 12. Rd1 Ra7 13. h3 Qa8 14. e4 Rb8 15.
Rb1 Ne8 16. b3 Nd7 17. Bf4 Bxc3 18. Qxc3 Be2 19. Re1 Rxa2 20. Nd2 Qa6 21. Ra1
Rxa1 22. Rxa1 Qb6 23. e5 dxe5 24. Bxe5 Nxe5 25. Qxe5 Qf6 26. Qxb8 Qxa1+ 27. Kh2
Kf8 28. Ne4 Qd4 29. Qc8 c4 30. Nc5 Kg7 31. Nd7 Qxf2 32. Qxe8 h5 33. Qf8+ Kh7
34. Ne5 Bf1 35. Qxf7+ Qxf7 36. Nxf7 Bxg2 37. bxc4 Bf1 38. c5 Bc4 39. d6 exd6
40. cxd6 Bxf7 1-0

[Event "FRA-chT"]
[Site "FRA"]
[Date "1998.04.05"]
[Round "7"]
[White "Weill, Roland"]
[Black "Bellon Lopez, Juan Manuel"]
[Result "0-1"]
[WhiteElo "2300"]
[BlackElo "2455"]
[PlyCount "114"]
[EventDate "1998.02.06"]
[Source "ChesBase"]
[SourceDate "1998.07.07"]

1. e4 c5 2. Nf3 g6 3. d4 Bg7 4. d5 d6 5. Bb5+ Nd7 6. O-O a6 7. Bxd7+ Bxd7 8.
Re1 Qc7 9. a4 Nh6 10. a5 O-O 11. Ra3 Rae8 12. Bf4 f6 13. Nbd2 Nf7 14. Nc4 Ne5
15. Nfd2 f5 16. Bxe5 dxe5 17. exf5 gxf5 18. Rh3 e4 19. Qh5 h6 20. Nb6 Rd8 21.
Nxd7 Rxd7 22. Nc4 Rxd5 23. Rxe4 Rd4 24. Rxd4 cxd4 25. Qe2 e5 26. Rg3 e4 27. b3
Qf4 28. h3 Rd8 29. Rg6 Kh7 30. Rb6 d3 31. cxd3 exd3 32. Qd2 Qxd2 33. Nxd2 Rd7
34. Kf1 Bc3 35. Ke1 Bxa5 36. Re6 Rc7 37. Kd1 Rc2 38. Nc4 Bb4 39. Re3 Rxf2 40.
Rxd3 Rxg2 41. Rd7+ Rg7 42. Rd3 b5 43. Ne5 Rg1+ 44. Kc2 Rg2+ 45. Kd1 Kg7 46.
Rd7+ Kf6 47. Nd3 Rd2+ 48. Kc1 Bc3 49. h4 f4 50. Rd6+ Ke7 51. Rd4 Bxd4 52. Kxd2
f3 53. Nb4 Kd6 54. Nxa6 h5 55. Kd3 Bc5 56. Nb8 Bf2 57. Ke4 Ba7 0-1

[Event "FRA-chT"]
[Site "FRA"]
[Date "1998.04.05"]
[Round "7"]
[White "Wohlers Armas, Rike"]
[Black "Muller, Anne"]
[Result "1/2-1/2"]
[WhiteElo "2205"]
[BlackElo "2115"]
[PlyCount "47"]
[EventDate "1998.02.06"]
[Source "ChesBase"]
[SourceDate "1998.07.07"]

1. d4 Nf6 2. c4 e6 3. Nc3 Bb4 4. a3 Bxc3+ 5. bxc3 c5 6. e3 b6 7. Bd3 Bb7 8. f3
O-O 9. Ne2 d6 10. e4 Ne8 11. O-O cxd4 12. cxd4 Nc6 13. f4 Rc8 14. Rf3 Na5 15.
Rh3 Nxc4 16. Ng3 g6 17. Qg4 Ng7 18. Rh6 f5 19. exf5 exf5 20. Qh3 Qf6 21. Ne2
Rfe8 22. Rb1 Bd5 23. Rxh7 Kf7 24. Qh4 1/2-1/2

[Event "FRA-chT"]
[Site "FRA"]
[Date "1998.05.08"]
[Round "8"]
[White "Beikert, Guenther"]
[Black "Godena, Michele"]
[Result "0-1"]
[WhiteElo "2495"]
[BlackElo "2500"]
[PlyCount "84"]
[EventDate "1998.02.06"]
[Source "ChesBase"]
[SourceDate "1998.07.07"]

1. c4 e6 2. g3 d5 3. Nf3 Nf6 4. Bg2 Be7 5. O-O O-O 6. b3 b6 7. e3 Bb7 8. Qe2
Nbd7 9. Bb2 a5 10. d3 a4 11. Nbd2 c5 12. Nh4 b5 13. cxb5 Qa5 14. bxa4 Qxa4 15.
e4 Qxb5 16. exd5 Bxd5 17. Nc4 Rfb8 18. Nf5 exf5 19. Qxe7 Bxg2 20. Bxf6 Qc6 21.
Bc3 Bh3 22. Ne3 f6 23. d4 Re8 24. d5 Qc7 25. d6 Qc6 26. Rfd1 Rxe7 27. dxe7 Re8
28. Nd5 Bg4 29. Rd2 Bf3 30. Ne3 Qe6 31. a4 Bc6 32. Kf1 Rxe7 33. a5 Qe4 34. Rd6
Qh1+ 35. Ke2 Bb5+ 36. Kd2 Qf3 37. Nd1 Re2+ 38. Kc1 Qe4 39. Rd2 Rxd2 40. Kxd2
Qe2+ 41. Kc1 Bd3 42. Ne3 Qxf2 0-1